00781nam a2200253 a 4500001001300000003000900013005001700022008004100039020001000080082001600090100002100106245001700127260003200144300000900176500003500185505004100220650002300261700002100284902000800305942000700313952009600320952009600416999001500512nice12345678IN_TiNIC20260116011516.0050524s1903 boma grp 000 0 per  ac10000a181.07bRAZ aRazi, Fakhruddin aJameul-Uloom aBombaybNo Publishersc1903 a224p aincludes index and biblioraphy2 a12 Volumes in Bounded in Six Volumes aPhilosophy-Islamic1 aRazi, Fakhruddin bSRS cBK 00104070aHMIbHMId0000-00-00g100.00l0o181.07 RAZp4552r0000-00-00w2026-01-16yARB 00104070aHMIbHMId0000-00-00g100.00l0o181.07 RAZp4664r0000-00-00w2026-01-16yARB c2161d2161